Apex Legend, guess the legend - Statistics

General Stats
  • This quiz has been taken 1,608 times
  • The average score is 18 of 21
Answer Stats
Hint Answer % Correct
She can go into void wraith
98%
she is a soldier. Q smoke launcher Bangalore
94%
axe heirloom Q is scan people BLOODHOUND
94%
Toxic Trapper CAUSTIC
94%
High-Speed Daredevil OCTANE
93%
he\she is a robbot has a knife ash
91%
Forward Scout,robbot PATHFINDER
90%
Combat Medic LIFELINE
89%
Gravitational Manipulator HORIZON
86%
Holographic Trickster MIRAGE
86%
Bombastic Explosives Expert FUSE
85%
Shielded Fortress GIBRALTAR
83%
Translocating Thief LOBA
83%
Surveillance Expert CRYPTO
82%
Synthetic Nightmare REVENANT
82%
Heroic Defender NEWCASTLE
79%
Static Defender WATTSON
78%
Winged Avenger VALKYRIE
77%
Rebel Warlord MAD MAGGIE
73%
Amped Modder RAMPART
72%
Ambush Artist SEER
60%
No matching quizzes found
Score Distribution
Percent of People with Each Score
Percentile by Number Answered
Your Score History
You have not taken this quiz